Statystyki dla 10 największych i najmniejszych państw w Europie

Kliknij tutaj aby rozwiązać quiz!

Ogólne statystyki

  • Ten quiz został rozwiązany 13,681 razy
    (13,065 od ostatniego zresetowania)
  • Średni wynik to 20 z 25

Statystyki odpowiedzi

# Answer % Correct
1.Rosja
99%
2.Niemcy
95%
3.Francja
95%
8.Polska
95%
1.Watykan
94%
6.Hiszpania
94%
7.Ukraina
92%
8.Szwecja
90%
5.Włochy
89%
8.Norwegia
88%
4.Liechtenstein
87%
3.San Marino
87%
7.Finlandia
86%
4.Wielka Brytania
86%
2.Monako
83%
6.Andora
83%
7.Luksemburg
83%
8.Kosowo
79%
5.Malta
72%
9.Rumunia
71%
9.Czarnogóra
63%
10.Holandia
60%
10.Estonia
60%
10.Słowenia
59%
6.Islandia
54%

Rozkład punktacji

Percentyl według liczby udzielonych odpowiedzi

Procent ludzi z każdym wynikiem

Twoja historia wyników

Nie rozwiązałeś tego quizu od ostatniego zresetowania